<?xml version="1.0" encoding="UTF-8"?>
<record
    xmlns:xsi="http://www.w3.org/2001/XMLSchema-instance"
    xsi:schemaLocation="http://www.loc.gov/MARC21/slim http://www.loc.gov/standards/marcxml/schema/MARC21slim.xsd"
    xmlns="http://www.loc.gov/MARC21/slim">

  <leader>00904naa a2200169 i 4500</leader>
  <controlfield tag="001">10436</controlfield>
  <controlfield tag="003">KOSZ 005</controlfield>
  <controlfield tag="005">20180423115512.0</controlfield>
  <controlfield tag="008">180423s2000    pl a   f     |100 0 pol  </controlfield>
  <datafield tag="040" ind1=" " ind2=" ">
    <subfield code="a">KOSZ 005/AR</subfield>
    <subfield code="c">KOSZ 005/AR</subfield>
  </datafield>
  <datafield tag="100" ind1="1" ind2=" ">
    <subfield code="a">M&#x141;YNARCZYK, Aneta.</subfield>
    <subfield code="d">1999 - 2009.</subfield>
    <subfield code="b">Politechnika Koszali&#x144;ska - Wydzia&#x142; Ekonomii i Zarz&#x105;dzania,</subfield>
    <subfield code="c">Katedra Nauk Humanistycznych i Stosunk&#xF3;w Mi&#x119;dzynarodowych</subfield>
  </datafield>
  <datafield tag="245" ind1="1" ind2="0">
    <subfield code="a">Bitwa o Monte Cassino w poezji polskiej 1944 roku /</subfield>
    <subfield code="c">Aneta M&#x142;ynarczyk.</subfield>
  </datafield>
  <datafield tag="655" ind1=" " ind2="0">
    <subfield code="a">Materia&#x142;y konferencyjne.</subfield>
  </datafield>
  <datafield tag="711" ind1="2" ind2="2">
    <subfield code="a">Bitwa o Monte Cassino 1944 : geneza, przebieg, opinie</subfield>
    <subfield code="n">(1 ;</subfield>
    <subfield code="d">11 grudnia 2000 ; </subfield>
    <subfield code="c">Koszalin/Polska)</subfield>
  </datafield>
  <datafield tag="773" ind1="0" ind2=" ">
    <subfield code="i">W :</subfield>
    <subfield code="t">Bitwa o Monte Cassino 1944 : geneza, przebieg, opinie : I konferencja naukowa, Koszalin, 11 grudnia 2000 r.  T. 1 / red. Bogus&#x142;aw Polak. -</subfield>
    <subfield code="d">Koszalin : Wydaw. Uczelniane PK, 2000. -</subfield>
    <subfield code="g">s. 269-277</subfield>
    <subfield code="z">8388283510 </subfield>
  </datafield>
  <datafield tag="942" ind1=" " ind2=" ">
    <subfield code="2">UKD</subfield>
    <subfield code="c">ROZ</subfield>
  </datafield>
  <datafield tag="999" ind1=" " ind2=" ">
    <subfield code="c">10436</subfield>
    <subfield code="d">10436</subfield>
  </datafield>
</record>
